LIBRARY & INFORMATION CENTRE, KCAET, TAVANUR

ONLINE PUBLIC ACCESS CATALOGUE (OPAC)

Upgrading waste for feeds and food / (Record no. 1531)

MARC details
000 -LEADER
fixed length control field 00489cam a2200193ua 4500
020 ## - INTERNATIONAL STANDARD BOOK NUMBER
ISBN 0-408-10837-1
041 ## - LANGUAGE CODE
Language code of text/sound track or separate title eng
082 ## - DEWEY DECIMAL CLASSIFICATION NUMBER
Classification number 664.096
Item number LED/UP
100 ## - MAIN ENTRY--AUTHOR NAME
Personal name Ledward, D.A .
245 ## - TITLE STATEMENT
Title Upgrading waste for feeds and food /
250 ## - EDITION STATEMENT
Edition statement 1 /
260 ## - PUBLICATION, DISTRIBUTION, ETC. (IMPRINT)
Place of publication London :
Name of publisher Butterworth Scientific ,
Year of publication 1983.
300 ## - PHYSICAL DESCRIPTION
Number of Pages 321 ; .
700 1# - ADDED ENTRY--PERSONAL NAME
Personal name Lawrie, R.A .
700 1# - ADDED ENTRY--PERSONAL NAME
Personal name Taylor, A.J .
942 ## - ADDED ENTRY ELEMENTS (KOHA)
Koha item type Books
Holdings
Withdrawn status Lost status Damaged status Home library Current library Date acquired Full call number Accession Number Koha item type
      KAUAET KAUAET 27/03/1987 664.096 16169 Books
      KAUAET KAUAET 25/03/1987 664.096 LED/UP 16072 Books
free website counter